| 000 | 00378pab a2200157 454500 | ||
|---|---|---|---|
| 008 | 180718b2016 xxu||||| |||| 00| 0 eng d | ||
| 100 | _aBose, Atanu | ||
| 245 | _aSustainable urban development | ||
| 260 | _c2016 | ||
| 300 | _ap.41-50. | ||
| 362 | _aDec | ||
| 650 | _aUrban development - India | ||
| 650 | _aUrban development | ||
| 773 | _aThird Concept | ||
| 909 | _a113392 | ||
| 999 |
_c113387 _d113387 |
||